| 000 | 00346cam a2200145ua 4500 | ||
|---|---|---|---|
| 003 | OSt | ||
| 008 | 240115b |||||||| |||| 00| 0 eng d | ||
| 041 | _amal | ||
| 082 |
_a894.812 803 _bACH/SN |
||
| 100 |
_aAchutamenon, Chelnnat . _95747 |
||
| 245 | _aSmaranjali / | ||
| 260 |
_aCalicut : _bK R Brothers , _c1955. |
||
| 300 | _a ; . | ||
| 942 | _cBK | ||
| 999 |
_c3776 _d3776 |
||